A textbook of basic and applied microbiology / (Record no. 755667)
[ view plain ]
| 000 -LEADER | |
|---|---|
| fixed length control field | 00366nam a22001337a 4500 |
| 020 ## - INTERNATIONAL STANDARD BOOK NUMBER | |
| ISBN | 9789395161572 |
| 082 ## - DEWEY DECIMAL CLASSIFICATION NUMBER | |
| Classification number | 579 ANE.A |
| 100 ## - MAIN ENTRY--AUTHOR NAME | |
| Personal name | Aneja K.R. |
| 245 ## - TITLE STATEMENT | |
| Title | A textbook of basic and applied microbiology / |
| 260 ## - PUBLICATION, DISTRIBUTION, ETC. (IMPRINT) | |
| Place of publication | New Delhi: |
| Name of publisher | New age international (P) limited, publishers |
| Year of publication | c2024 |
| 300 ## - PHYSICAL DESCRIPTION | |
| Number of Pages | 774 p. |
| 942 ## - ADDED ENTRY ELEMENTS (KOHA) | |
| Source of classification or shelving scheme | Dewey Decimal Classification |
| Koha item type | Book |
| Withdrawn status | Lost status | Source of classification or shelving scheme | Damaged status | Not for loan | Home Library | Current Location | Shelving location | Date acquired | Full call number | Accession Number | Price effective from | Koha item type |
|---|---|---|---|---|---|---|---|---|---|---|---|---|
| Dewey Decimal Classification | Dept. of Botany | Dept. of Botany | Gift | 02/02/2026 | 579 ANE.A | BOTG95 | 02/02/2026 | Book |
